| 000 | 00707nam a2200193 a 4500 | ||
|---|---|---|---|
| 003 | 0 | ||
| 005 | 20250321101221.0 | ||
| 008 | 080925s19uu xx 00 eng d | ||
| 050 |
_aPHS BF 637.S4 _b.D19 2008 |
||
| 100 | _aDang, Chan Won. | ||
| 245 |
_aThe Association between self-esteem and student's academic performance / _cChan Won Dang. |
||
| 260 |
_aLas PiƱas City, Philippines : _bSouthville International School and Colleges, _c2008. |
||
| 300 |
_a29 pages : _billustrations ; _c28 cm. |
||
| 504 | _aIncludes bibliographical references. | ||
| 650 | _aSelf-esteem in adolescence. | ||
| 650 |
_aAcademic achievement _xPsychological aspects. |
||
| 650 | _aMotivation in education. | ||
| 942 |
_2lcc _cPASS |
||
| 999 |
_c98133 _d98133 |
||